000
00276nam a2200097Ia 4500
082
_a
658.83 CROU
245
0
_a
Marketing research for managers
100
_a
CROUCH, Sunny Oxford, 2003 3rd ed
_9
96567
942
_c
BK
008
210817s9999 xx 000 0 und d
999
_c
406211
_d
406210